01269nam a22003377a 4500003000500000005001700005008004100022010000900063011000900072035000900081040000900090090001000099100004000109245010300149260004000252300001900292502011600311590003700427590004100464590004100505590004100546590004200587650003900629650003300668650003000701901000700731942001000738949004100748999001500789952012700804CHAP20220329133552.0971013s1993 r 00010 d a7993 a8965 a8199 cCHAP aTesis00aRodríguez Acosta, Melchor.998265 aClasificación automatizada de superficies arboladas mediante imágenes de satélite Landsat TM aChapingo, Méx. :bEl autor,c1993 a99 h.b: ilus. aTesis (Ing. For. con Orientación en Evaluación y Abastecimiento) -- UACH. División de Ciencias Forestales aALEPHb10c20130110lUCH01h1221 aBATCH-UPDb10c20130110lUCH01h1743 aBATCH-UPDb10c20130410lUCH01h1121 aBATCH-UPDb10c20130914lUCH01h0707 aCONVERSIONb10c20130109lUCH01h130514aÁrbolesxClasificación.98243514aBosquesxInventarios.91424014aSensores remotos.9104427 aBK cTESIS bBCcTESd-18365eTS1h26388i8199si c7993d7993 00102local4051708TESISaBCbBCcPA_TESISd2019-12-31fTESISl0oTesisp-18365r2019-12-31 00:00:00w2019-12-31yTESIS